[Event "ROM-ch U14"]
[Site "Baile Felix"]
[Date "2017.02.05"]
[Round "4"]
[White "Codrea, Andrei Vladimir"]
[Black "Carpenis, Eduard Georgian Mih"]
[Result "1-0"]
[WhiteElo "1120"]
[BlackElo "1145"]
[PlyCount "117"]
[EventDate "2017.02.02"]
[EventType "swiss"]
[EventRounds "9"]
[EventCountry "ROU"]
[SourceTitle "CBM 176 Extra"]
[Source "ChessBase"]
[SourceDate "2017.03.02"]
[SourceVersion "1"]
[SourceVersionDate "2017.03.02"]
[SourceQuality "1"]

1. Nf3 Nc6 2. d4 e6 3. e4 d5 4. e5 g6 5. Be3 Bg7 6. c4 Nge7 7. Nc3 0-0 8. c5 b6 9. b4 Nxb4 10. Qb3 Nbc6 11. Qa3 Bb7 12. Rc1 Qd7 13. Bb5 h6 14. Bxc6 Bxc6 15. 0-0 Nf5 16. Ne2 Bb5 17. Rfe1 Rfe8 18. Nc3 Kh7 19. Rb1 Bc4 20. Rb2 Bf8 21. Qa4 Qxa4 22. Nxa4 Rac8 23. Nd2 Ba6 24. c6 Be7 25. Nf3 g5 26. g4 Ng7 27. Kh1 Bd3 28. Rg1 Be4 29. Rg3 Rf8 30. Nc3 Bxf3+ 31. Rxf3 Kg6 32. Nb5 a6 33. Nc3 f6 34. Rb1 f5 35. gxf5+ Nxf5 36. Rf1 g4 37. Rf4 Nxe3 38. fxe3 h5 39. Ne2 Kg5 40. Rg1 Kg6 41. Rxf8 Rxf8 42. Nf4+ Kf5 43. Rc1 h4 44. Kg2 Bg5 45. Rf1 Rf7 46. Nxd5+ Kg6 47. Rxf7 Kxf7 48. Nxc7 Bxe3 49. d5 Bf4 50. dxe6+ Kf8 51. Nxa6 h3+ 52. Kh1 Bxe5 53. c7 Bxc7 54. Nxc7 Ke7 55. Nd5+ Kxe6 56. Nxb6 Kf5 57. a4 Ke6 58. a5 Kd6 59. a6 1-0